000 00317nam a2200121Ia 4500
008 190216s9999||||xx |||||||||||||| ||und||
100 _aFarrington G Daniel
245 0 _aMathematical Preparation For Physical Chemistry
260 _bMcgraw -hill
_c1956
300 _a309p
650 _aChemistry-Chemistry
942 _cBK
999 _c2280
_d2280